Best clubs that haven't won a Champions League title - Statistics

General Stats
  • This quiz has been taken 57 times
  • The average score is 12 of 20
Answer Stats
Rank Club % Correct
7 Paris Saint-Germain
90%
17 Arsenal
88%
11 AS Roma
86%
14 Tottenham Hotspur
86%
20 Olympique Lyonnais
84%
9 Atletico Madrid
82%
3 Manchester City
82%
25 Napoli
78%
31 Lazio
70%
12 Sevilla
70%
28 Sporting CP
66%
30 Bayer Leverkusen
62%
13 RB Leipzig
58%
18 Villarreal
58%
24 Atalanta
56%
22 Shakhtar Donetsk
40%
26 Eintracht Frankfurt
32%
29 Basel
26%
21 Salzburg
24%
32 Slavia Praha
4%
No matching quizzes found
Score Distribution
Percent of People with Each Score
Percentile by Number Answered
Your Score History
You have not taken this quiz